Ion exchange and solvent extraction (Record no. 12161)
[ view plain ]
| 000 -LEADER | |
|---|---|
| fixed length control field | 02178nam a2200325Ia 4500 |
| 001 - CONTROL NUMBER | |
| control field | CRC0KE12567PDF |
| 003 - CONTROL NUMBER IDENTIFIER | |
| control field | BD-DhSAU |
| 005 - DATE AND TIME OF LATEST TRANSACTION | |
| control field | 20151012144310.0 |
| 006 - FIXED-LENGTH DATA ELEMENTS--ADDITIONAL MATERIAL CHARACTERISTICS | |
| fixed length control field | m|||||o||d|||||||| |
| 007 - PHYSICAL DESCRIPTION FIXED FIELD--GENERAL INFORMATION | |
| fixed length control field | cr|||| |
| 008 - FIXED-LENGTH DATA ELEMENTS--GENERAL INFORMATION | |
| fixed length control field | 110525s2011 fluad sb 001 0 eng d |
| 020 ## - INTERNATIONAL STANDARD BOOK NUMBER | |
| International Standard Book Number | 9781439855409 (ebook : PDF) |
| 040 ## - CATALOGING SOURCE | |
| Original cataloging agency | BD-DhSAU |
| Transcribing agency | BD-DhSAU |
| 090 ## - LOCALLY ASSIGNED LC-TYPE CALL NUMBER (OCLC); LOCAL CALL NUMBER (OCLC) | |
| Classification number (OCLC) (R) ; Classification number, CALL (RLIN) (NR) | QD561 |
| Local cutter number (OCLC) ; Book number/undivided call number, CALL (RLIN) | .I56 2011 |
| 092 ## - LOCALLY ASSIGNED DEWEY CALL NUMBER (OCLC) | |
| Classification number | 541.372 |
| Item number | I641 |
| 245 00 - TITLE STATEMENT | |
| Title | Ion exchange and solvent extraction |
| Medium | [electronic resource] : |
| Remainder of title | a series of advances. Volume 20 / |
| Statement of responsibility, etc. | edited by Arup K. Sengupta. |
| 260 ## - PUBLICATION, DISTRIBUTION, ETC. (IMPRINT) | |
| Place of publication, distribution, etc. | Boca Raton, Fla. : |
| Name of publisher, distributor, etc. | CRC Press, |
| Date of publication, distribution, etc. | 2011. |
| 300 ## - PHYSICAL DESCRIPTION | |
| Extent | xx, 346 p. : |
| Other physical details | ill. |
| 490 0# - SERIES STATEMENT | |
| Series statement | Ion exchange and solvent extraction series |
| 504 ## - BIBLIOGRAPHY, ETC. NOTE | |
| Bibliography, etc | Includes bibliographical references and index. |
| 505 0# - FORMATTED CONTENTS NOTE | |
| Formatted contents note | ch. 1. Ion exchange-assisted synthesis of polymer stabilized metal nanoparticles / Jorge Macan�as ... [et al.] -- ch. 2. Ion exchangers for air purification / V.S. Soldatov and E.H. Kosandrovich -- ch. 3. Applications of selective ion exchange for perchlorate removal, recovery, and environmental forensics / Baohua Gu ... [et al.] -- ch. 4. Influence of ion exchange resin particle size and size distribution on chromatographic separation in sweetener industries / Tuomo Sainio ... [et al.] -- ch. 5. Dual temperature methods of separation and concentration of elements in ion exchange columns / Ruslan Kh. Khamizov, Vladimir A. Ivanov, and Nikolay A. Tikhonov -- ch. 6. Separations by multicomponent ionic systems based on natural and synthetic polycations / Ecaterina Stela Dragan, Maria Valentina Dinu, and Marcela Mihai -- ch. 7. Polymeric-inorganic hybrid ion exchangers preparation, characterization, and environmental applications / Sudipta Sarkar, Prakhar Prakash, and Arup K. SenGupta. |
| 530 ## - ADDITIONAL PHYSICAL FORM AVAILABLE NOTE | |
| Additional physical form available note | Also available in print edition. |
| 538 ## - SYSTEM DETAILS NOTE | |
| System details note | Mode of access: World Wide Web. |
| 650 #0 - SUBJECT ADDED ENTRY--TOPICAL TERM | |
| Topical term or geographic name as entry element | Ion exchange. |
| 650 #0 - SUBJECT ADDED ENTRY--TOPICAL TERM | |
| Topical term or geographic name as entry element | Solvent extraction. |
| 655 #7 - INDEX TERM--GENRE/FORM | |
| Genre/form data or focus term | Electronic books. |
| Source of term | lcsh |
| 700 1# - ADDED ENTRY--PERSONAL NAME | |
| Personal name | Sengupta, Arup K. |
| 776 1# - ADDITIONAL PHYSICAL FORM ENTRY | |
| International Standard Book Number | 9781439855393 |
| 856 40 - ELECTRONIC LOCATION AND ACCESS | |
| Uniform Resource Identifier | <a href="http://marc.crcnetbase.com/isbn/9781439855409">http://marc.crcnetbase.com/isbn/9781439855409</a> |
| Electronic format type | application/PDF |
No items available.
